[Event "Moscow op-E"]
[Site "Moscow"]
[Date "2011.02.01"]
[Round "4.10"]
[White "Naumov, Nikolai"]
[Black "Lapygin, Evgeniy"]
[Result "1/2-1/2"]
[WhiteElo "1981"]
[BlackElo "1850"]
[PlyCount "96"]
[EventDate "2011.01.29"]
[EventType "swiss"]
[EventRounds "9"]
[EventCountry "RUS"]
[SourceTitle "EXT 2022"]
[Source "ChessBase"]
[SourceDate "2021.10.06"]
[SourceVersion "1"]
[SourceVersionDate "2021.10.06"]
[SourceQuality "1"]

1. e4 c6 2. d4 d5 3. Nc3 dxe4 4. Nxe4 Bf5 5. f3 e6 6. c3 Bxe4 7. fxe4 Qh4+ 8. g3 Qxe4+ 9. Qe2 Qxh1 10. Nf3 Bd6 11. Bf4 Bxf4 12. gxf4 Nf6 13. 0-0-0 Nbd7 14. Bh3 Qxd1+ 15. Qxd1 0-0-0 16. a4 Nb6 17. Ne5 Rhf8 18. b3 Nbd5 19. f5 Ne3 20. Qd3 Nxf5 21. Bxf5 exf5 22. Qxf5+ Kc7 23. Kb2 Rd5 24. Qg5 Kd6 25. Qe3 Kc7 26. b4 Rd6 27. Qg5 g6 28. Kb3 Nd5 29. c4 f6 30. Qg3 fxe5 31. dxe5 Re6 32. cxd5 cxd5 33. Qc3+ Kb8 34. a5 Rf5 35. Qc5 Rfxe5 36. Ka4 h5 37. Qf8+ Re8 38. Qd6+ Ka8 39. Qxg6 d4 40. a6 bxa6 41. Qc6+ Kb8 42. Qd6+ Kb7 43. Qxd4 R5e7 44. Qd6 a5 45. b5 Re6 46. Qd5+ Kb6 47. Qxh5 Re4+ 48. Kb3 R8e5 1/2-1/2